000 01896nam a22002537i 4500
999 _c23336
_d23336
003 AR-CdUCM
008 250724b20142014 pe||||| |||| 00| 0 spa d
040 _aMUNICIPALIDAD PROVINCIAL DEL CUSCO
_cBIBLIOTECA MUNICIPAL DEL CUSCO
041 _hspa
082 _a340.4 / S13
_bS13
100 _aSaco Chung, Urpi - Condori Lope, Juan de Dios
_951292
245 _aDialogando la Justicia Comunal :
_bReflexiones sobre la experiencia en Pampacamara y Umato, Cusco /
260 _aCusco :
_bEditorial Gráfica Bartolomé de las Casas S.A.C.
_c2014
300 _a95 páginas. :
_c21 x15 cm.
505 _aJusticia comunal, la justicia estatal -- La interculturalidad y el Diálogo -- Nuestras dificultades -- Historia de la justicia -- Las instituciones no gubernamentales -- Los usos y costumbres
650 _aJusticia comunal
_951293
650 _aEl Varayoq
_951294
650 _aRelaciones interpersonales
_951295
650 _arelaciones de manutención
_951296
650 _a
_951297
856 _fwww.cbc.org.pe
942 _2ddc
_cLIBROS
945 _apbjr
_d24-07-2025